| 000 | 01134nam0a22002531 4500 | ||
|---|---|---|---|
| 001 | rc\4100325 | ||
| 005 | 20130415163737.6 | ||
| 021 |
_aRU _b[46-17633] |
||
| 035 | _a(NLR Aleph) 008138271 | ||
| 090 |
_a9467502 _c9467502 |
||
| 100 | _a20130415d1946 |||y0rusy50 ca | ||
| 101 | 0 | _arus | |
| 102 | _aRU | ||
| 105 | _ay z ||||| | ||
| 200 | 1 |
_aОбследование на кишечное бациллоносительство _e(Информационное письмо) _fСост. канд. мед. наук Э.Г. Кассирская _gМПС СССР. Гл. врачебно-сан. упр. Центр. науч.-исслед. лаборатория гигиены и эпидемиологии |
|
| 210 |
_aМосква _cтип. Всесоюз. кн. палаты _d1946 |
||
| 215 |
_a8 с., без обл. _d20 |
||
| 606 |
_aЖелудочно-кишечные болезни _xБациллоносители _2psbo |
||
| 700 | 1 |
_aКассирская _bЭ. Г. _gЭсфирь Григорьевна _4220 |
|
| 801 | 0 |
_aRU _bNLR _gpsbo |
|
| 801 | 1 |
_aRU _bELAR _2rusmarc |
|
| 852 |
_aNLR _jМд96 Г-4/326 |
||
| 942 | _cBOOK | ||
| 980 | _aNB | ||